| 000 | 00612nam a2200229 a 4500 | ||
|---|---|---|---|
| 999 |
_c5848 _d5848 |
||
| 001 | 5848 | ||
| 003 | BD-JhCC | ||
| 005 | 20171228123747.0 | ||
| 008 | 171228s20132015b a|||| || | 000 0 eng d | ||
| 035 | _a(BD-JhCC)5848 | ||
| 040 |
_aBD-JhCC _dBD-JhCC |
||
| 041 | _aeng | ||
| 082 |
_a005 _bSUT 2015 |
||
| 100 | _aSutradhar, Palash Chandra | ||
| 245 |
_aInformation and Communication Technology / _cPalash Chandra Sutradhar, |
||
| 250 | _a4rh ed. | ||
| 260 |
_aDhaka : _bParthib Publication, _c2015. |
||
| 300 |
_a467 p. : _bill. ; _c23 cm. |
||
| 650 | _aComputer Science | ||
| 942 |
_2ddc _cBK |
||